00492nam a2200193 a 4500001001300000003000900013005001700022008004100039020001000080082001300090100002600103245002900129260004100158300000900199500003500208505001000243650001900253700002600272nice12345678IN_TiNIC20260116011443.0050524s1921 uppa grp 000 0 ger  ac10000a270bLIN aLinderholm, D Emanuel aKyrkohistorisk Arsskrift aUppsalabUppsala Och Stockholmc1921 a212p aincludes index and biblioraphy2 aIndex aChurch-History1 aLinderholm, D Emanuel